000 00392nam a2200181Ia 4500
001 4271
005 20260306145743.0
008 260306t2010||||xx |||||||||||||| ||spa||
041 _aESP
082 _a320.1
_bM25 2010
100 _aMaquiavelo, Nicolás
_eAUT
245 0 _aEl príncipe
260 _c2010
300 _a
_c
650 _aGEN
654 _aCDE
942 _cLIB
_dJUS
_fJUS
_2ddc
_n
999 _c4271
_d4271